Traité des Vertus
में बचाया:
| मुख्य लेखक: | |
|---|---|
| स्वरूप: | पुस्तक |
| भाषा: | फ़्रेंच |
| प्रकाशित: |
París
Bordas
1949
|
| श्रृंखला: | Bibliothèque générale de Philosophie
|
| विषय: | |
| टैग: |
टैग जोड़ें
कोई टैग नहीं, इस रिकॉर्ड को टैग करने वाले पहले व्यक्ति बनें!
|
MARC
| LEADER | 00000nam a2200000 a 4500 | ||
|---|---|---|---|
| 001 | UCZ4770 | ||
| 003 | CL-VaPUC | ||
| 008 | 951110e19490000FR |||||||||||||||||fre|d | ||
| 082 | 0 | 4 | |a 179.9 |b JAN |2 21 |
| 100 | |a Jankélévitch, Vladimir |e author |9 457878 | ||
| 245 | 1 | 0 | |a Traité des Vertus |
| 300 | |a 807 p | ||
| 942 | |c BK | ||
| 945 | |d 19951110 00:00:00 |a lriquelm | ||
| 260 | |a París |b Bordas |c 1949 | ||
| 650 | 0 | |a Virtud y vicio |9 310637 | |
| 650 | 0 | |a Ética |9 255099 | |
| 650 | 0 | |a Conceptos morales |9 310606 | |
| 650 | 7 | |a ORDEN MORAL |2 CL-VaPUC |9 334570 | |
| 650 | 0 | |a Comportamiento moral |9 334569 | |
| 583 | |a last modification |c 19951110 00:00:00 |k Rodrigo Vera | ||
| 490 | 0 | |a Bibliothèque générale de Philosophie | |
| 999 | |c 241135 |d 241133 | ||
| 952 | |0 0 |1 0 |4 0 |6 179_900000000000000_JAN_1949 |7 0 |8 P |9 253301 |a BIBEDU |b BIBEDU |c BIBEDU_PB |d 2019-11-19 |i 1599410 |o 179.9 JAN 1949 |p 1599410 |r 2024-01-25 |w 2019-11-19 |y BK |k FIL | ||